[Event "RSA-ch U08"]
[Site "Gauteng"]
[Date "2017.04.08"]
[Round "6"]
[White "Beyers, Rupert"]
[Black "Boheim, Eugene"]
[Result "0-1"]
[WhiteElo "500"]
[BlackElo "650"]
[PlyCount "30"]
[EventDate "2017.04.05"]
[EventType "swiss"]
[EventRounds "11"]
[EventCountry "RSA"]
[SourceTitle "CBM 177 Extra"]
[Source "ChessBase"]
[SourceDate "2017.04.27"]
[SourceVersion "1"]
[SourceVersionDate "2017.04.27"]
[SourceQuality "1"]

1. Nf3 d5 2. Nc3 e6 3. e3 c6 4. d3 Nf6 5. Be2 Bd6 6. g3 0-0 7. Bd2 b6 8. 0-0 Nbd7 9. Qb1 d4 10. Na4 Ba6 11. Ne1 Ne4 12. dxe4 Bxe2 13. f4 Bxf1 14. Kxf1 dxe3 15. Nc3 exd2 0-1